| Tag |
First Indicator |
Second Indicator |
Subfields |
| LEADER |
00000cam a2200000 a 4500 |
| 001 |
in00000088303 |
| 005 |
20151008063129.0 |
| 008 |
800131s1980 nyua 00010 engm |
| 010 |
|
|
|a 80010870
|
| 020 |
|
|
|a 0070464081
|
| 035 |
|
|
|a (OCoLC)06016638
|
| 035 |
|
|
|9 AAK1642AM
|
| 040 |
|
|
|a DLC
|c DLC
|d m.c.
|d TXA
|d UtOrBLW
|
| 049 |
|
|
|a TXAM
|c [985725]
|
| 050 |
0 |
0 |
|a HM133
|b .N49
|
| 082 |
0 |
|
|a 302.3/4
|2 19
|
| 090 |
|
|
|a HM133
|b .N49 1980
|
| 100 |
1 |
|
|a Newstrom, John W.
|
| 245 |
1 |
0 |
|a Games trainers play :
|b experiential learning exercise /
|c John W. Newstrom and Edward E. Scannell.
|
| 264 |
|
1 |
|a New York :
|b McGraw-Hill,
|c 1980.
|
| 300 |
|
|
|a xvi, 303 pages :
|b illustrations ;
|c 28 cm.
|
| 336 |
|
|
|a text
|b txt
|2 rdacontent
|
| 337 |
|
|
|a unmediated
|b n
|2 rdamedia
|
| 338 |
|
|
|a volume
|b nc
|2 rdacarrier
|
| 650 |
|
0 |
|a Small groups.
|
| 650 |
|
0 |
|a Group relations training.
|
| 650 |
|
0 |
|a Games.
|
| 700 |
1 |
|
|a Scannell, Edward E.
|
| 948 |
|
|
|a C:BLW
|d 20031115
|
| 999 |
|
|
|a MARS
|
| 999 |
f |
f |
|s e5a93a3f-e5c9-34ee-9dc2-20c0f7f87eb6
|i b402dda9-7125-3050-8368-408cb8543d9a
|t 0
|
| 952 |
f |
f |
|p ric
|a Texas A&M University
|b Rellis Campus
|c Joint Library Facility
|s JLF
|d Remote Storage
|t 0
|e HM133 .N49 1980
|h Library of Congress classification
|i unmediated -- volume
|m A14823409440
|
| 998 |
f |
f |
|a HM133 .N49 1980
|t 0
|l Remote Storage
|